[Event "Berlin op 04"]
[Site "Berlin"]
[Date "2006.04.22"]
[Round "8"]
[White "Kunz, Andre"]
[Black "Hodzic, Adem"]
[Result "1/2-1/2"]
[WhiteElo "1686"]
[BlackElo "1848"]
[PlyCount "28"]
[EventDate "2006.04.14"]
[EventType "swiss"]
[EventRounds "9"]
[EventCountry "GER"]
[SourceTitle "EXT 2007"]
[Source "ChessBase"]
[SourceDate "2006.11.23"]
[SourceVersion "1"]
[SourceVersionDate "2006.11.23"]
[SourceQuality "1"]

1. e4 c5 2. Nf3 e6 3. d4 cxd4 4. Nxd4 Nf6 5. Nc3 Bb4 6. f3 d5 7. e5 Nfd7 8. f4 0-0 9. Be3 Nc6 10. Bd3 Qb6 11. Nf5 Qa5 12. Nxg7 Kxg7 13. Qg4+ Kh8 14. Bxh7 Kxh7 1/2-1/2

[Event "Berlin op 04"]
[Site "Berlin"]
[Date "2006.04.21"]
[Round "7"]
[White "Hodzic, Adem"]
[Black "Schmidt, Juergen"]
[Result "0-1"]
[WhiteElo "1848"]
[BlackElo "2041"]
[PlyCount "178"]
[EventDate "2006.04.14"]
[EventType "swiss"]
[EventRounds "9"]
[EventCountry "GER"]
[SourceTitle "EXT 2007"]
[Source "ChessBase"]
[SourceDate "2006.11.23"]
[SourceVersion "1"]
[SourceVersionDate "2006.11.23"]
[SourceQuality "1"]

1. e4 e5 2. Nc3 Nc6 3. f4 exf4 4. Nf3 Be7 5. h4 d6 6. d4 Bg4 7. Bb5 a6 8. Bxc6+ bxc6 9. Bxf4 Bxh4+ 10. g3 Bf6 11. Rf1 Qb8 12. Na4 c5 13. e5 Be7 14. exd6 Bxd6 15. dxc5 Bxf4 16. gxf4 Qb4+ 17. c3 Qxf4 18. Qd4 Qg3+ 19. Rf2 Kf8 20. 0-0-0 Bxf3 21. Qe3 Re8 22. Qxf3 Qxf3 23. Rxf3 Nf6 24. Rfd3 h5 25. c6 h4 26. Nc5 h3 27. Rh1 h2 28. Nd7+ Kg8 29. Nxf6+ gxf6 30. Rd2 Re6 31. Rd8+ Kg7 32. Rxh8 Kxh8 33. Rxh2+ Kg7 34. Rg2+ Kf8 35. b4 Rxc6 36. Kc2 Ke7 37. a4 f5 38. Kd3 Rg6 39. Rf2 Rf6 40. Kd4 Kd6 41. c4 f4 42. c5+ Ke6 43. Ke4 f3 44. b5 a5 45. c6 Rh6 46. Rxf3 Rh4+ 47. Rf4 f5+ 48. Ke3 Rh3+ 49. Kd4 Ra3 50. Kc5 Ke5 51. Rd4 Rc3+ 52. Rc4 Rd3 53. Rh4 Rb3 54. Rd4 f4 55. Rd5+ Ke6 56. Rd4 f3 57. Re4+ Kf5 58. Re7 Kf6 59. Re4 Rb4 60. Re3 Rf4 61. Re1 f2 62. Rf1 Rf5+ 63. Kc4 Ke7 64. Kc3 Rf4 65. Kd3 Kd6 66. Ke3 Rxa4 67. Rxf2 Kc5 68. Rf5+ Kb6 69. Kd3 Rb4 70. Kc3 Rxb5 71. Rf6 Rc5+ 72. Kb3 Rxc6 73. Rf8 Kb5 74. Ra8 Rb6 75. Ra7 c5 76. Rc7 a4+ 77. Ka3 c4 78. Rc8 Rh6 79. Rb8+ Kc5 80. Rc8+ Kd4 81. Kxa4 Rb6 82. Rc7 Kd3 83. Ka3 c3 84. Ka2 Kc2 85. Ka3 Kd2 86. Rd7+ Kc1 87. Rc7 c2 88. Ka2 Ra6+ 89. Kb3 Kb1 0-1

[Event "Berlin op 04"]
[Site "Berlin"]
[Date "2006.04.20"]
[Round "6"]
[White "Schildt, Rene"]
[Black "Hodzic, Adem"]
[Result "0-1"]
[WhiteElo "1730"]
[BlackElo "1848"]
[PlyCount "94"]
[EventDate "2006.04.14"]
[EventType "swiss"]
[EventRounds "9"]
[EventCountry "GER"]
[SourceTitle "EXT 2007"]
[Source "ChessBase"]
[SourceDate "2006.11.23"]
[SourceVersion "1"]
[SourceVersionDate "2006.11.23"]
[SourceQuality "1"]

1. e4 c5 2. Nf3 e6 3. d4 cxd4 4. Nxd4 Nf6 5. Bd3 Nc6 6. Nxc6 dxc6 7. Qe2 Bd6 8. f4 e5 9. f5 h6 10. Be3 b6 11. Nd2 Qe7 12. Bf2 Nd7 13. Qg4 Qg5 14. Qxg5 hxg5 15. Nc4 Bc7 16. Be3 f6 17. b4 b5 18. Nd2 Bb6 19. Bxb6 axb6 20. c4 bxc4 21. Nxc4 Ke7 22. a4 c5 23. bxc5 Nxc5 24. Nxb6 Nxd3+ 25. Kd2 Ba6 26. Nxa8 Rxa8 27. Ke3 Rc8 28. Ra3 Nb4 29. Rb3 Rc4 30. Rhb1 Nc2+ 31. Kd2 Nd4 32. Rc3 Rxa4 33. Rc7+ Kd6 34. Rxg7 Ra2+ 35. Kc3 Rc2+ 36. Kb4 Bd3 37. Ra1 Rc4+ 38. Ka3 Nc2+ 39. Kb2 Nxa1 40. Kxa1 Rxe4 41. Rf7 Rf4 42. Rxf6+ Kd5 43. g4 Rxg4 44. Rf8 Rg2 45. Rd8+ Ke4 46. f6 Bc4 47. Rc8 Be6 0-1